Jose Donoso /

Bibliographic Details
Main Author: McMurray, George R., 1925-
Format: Book
Language:English
Published: Boston : Twayne Publishers, 1979.
Series:Twayne's world authors series ; TWAS 517 : Chile
Subjects:

MARC

Tag First Indicator Second Indicator Subfields
LEADER 00000cam a22000008i 4500
001 in00000329056
005 20151011050320.0
008 780628s1979 mau b 00110 eng
010 |a  78015574  
020 |a 0805763589 
035 |a (OCoLC)04056435 
035 |9 ABK0226AM 
040 |a DLC  |c DLC  |d TXA  |d UtOrBLW 
049 |a TXAM  |c [1156820] 
050 0 0 |a PQ8097.D617  |b Z77 
082 0 |a 863 
100 1 |a McMurray, George R.,  |d 1925- 
245 1 0 |a Jose Donoso /  |c by George R. McMurray. 
264 1 |a Boston :  |b Twayne Publishers,  |c 1979. 
300 |a 178 pages ;  |c 21 cm. 
336 |a text  |b txt  |2 rdacontent 
337 |a unmediated  |b n  |2 rdamedia 
338 |a volume  |b nc  |2 rdacarrier 
490 0 |a Twayne's world authors series ; TWAS 517 : Chile 
500 |a Includes index. 
504 |a Bibliography: pages 171-174. 
600 1 0 |a Donoso, José,  |d 1924-1996  |x Criticism and interpretation. 
999 |a MARS 
999 f f |s 2712b618-4e32-38cd-80ab-d6f2e4189ecd  |i cab404b8-a984-385a-a3b1-4da65774a544  |t 0 
952 f f |p normal  |a Texas A&M University  |b College Station  |c Sterling C. Evans Library  |d Evans: Library Stacks  |t 0  |e PQ8097.D617 Z77  |h Library of Congress classification  |i unmediated -- volume  |m A14803834934 
998 f f |a PQ8097.D617 Z77  |t 0  |l Evans: Library Stacks